Ч. 1; Энергия молодых - экономике России

Bibliographic Details
Parent link:Энергия молодых - экономике России=Energy of Youth for Russian Economy: сборник научных трудов XI Международной научно-практической конференции студентов и молодых ученых, г. Томск, 12-15 апреля 2010 г./ Национальный исследовательский Томский политехнический университет (ТПУ) ; Вольное экономическое общество России ; Международный союз экономистов (МСЭ). Ч. 1.— , 2010.— 978-5-98298-744-0
Summary:Сборник включает доклады участников XI Международной научно-практической конференции студентов и молодых ученых. Содержание статей отражает современные проблемы развития российской экономики в условиях глобализации, особенности развития маркетинга, менеджмента и мониторинга окружающей среды. Студенты и молодые ученые уделяли большое внимание особенностям развития современной экономики России, проблемам становления менеджмента, маркетинга, природопользования. Многие рекомендации и выводы авторов могут представлять интерес для современной теории и практики управления.
Language:Russian
Published: 2010
Subjects:
Format: Book
KOHA link:https://koha.lib.tpu.ru/cgi-bin/koha/opac-detail.pl?biblionumber=210032

MARC

LEADER 00000nam2a2200000 4500
001 210032
005 20231101225603.0
010 |a 9785982987457 
035 |a (RuTPU)RU\TPU\book\229392 
090 |a 210032 
100 |a 20120217d2010 k y0rusy50 ca 
101 0 |a rus 
102 |a RU 
105 |a a z 101zy 
200 0 |a Ч. 1 
210 |d 2010 
215 |a 446 с.  |c ил. 
320 |a Библиография в конце статей 
330 |a Сборник включает доклады участников XI Международной научно-практической конференции студентов и молодых ученых. Содержание статей отражает современные проблемы развития российской экономики в условиях глобализации, особенности развития маркетинга, менеджмента и мониторинга окружающей среды. Студенты и молодые ученые уделяли большое внимание особенностям развития современной экономики России, проблемам становления менеджмента, маркетинга, природопользования. Многие рекомендации и выводы авторов могут представлять интерес для современной теории и практики управления. 
461 1 |0 (RuTPU)RU\TPU\book\229894  |y 978-5-98298-744-0  |t Энергия молодых - экономике России  |l Energy of Youth for Russian Economy  |o сборник научных трудов XI Международной научно-практической конференции студентов и молодых ученых, г. Томск, 12-15 апреля 2010 г.  |f Национальный исследовательский Томский политехнический университет (ТПУ) ; Вольное экономическое общество России ; Международный союз экономистов (МСЭ)   |v Ч. 1  |d 2010 
606 1 |a Экономика  |x Россия  |2 stltpush  |3 (RuTPU)RU\TPU\subj\37358  |9 58389 
610 1 |a глобализация 
610 1 |a бизнес 
610 1 |a инновации 
610 1 |a мировая экономика 
610 1 |a финансы 
610 1 |a финансовый кризис 
610 1 |a инвестиции 
610 1 |a экономический рост 
610 1 |a наукоемкая продукция 
610 1 |a налоги 
610 1 |a планирование 
610 1 |a банковская система 
610 1 |a внешняя торговля 
610 1 |a рыночные реформы 
610 1 |a технопарки 
610 1 |a электронная торговля 
610 1 |a рынок 
610 1 |a электроэнергия 
610 1 |a фондовые рынки 
610 1 |a антимонопольное законодательство 
610 1 |a управление 
610 1 |a маркетинг 
610 1 |a потребители 
610 1 |a поведение 
610 1 |a логистика 
610 1 |a продажи 
610 1 |a торговые марки 
610 1 |a бренд 
610 1 |a конкурентоспособность 
610 1 |a страхование 
610 1 |a PR 
610 1 |a конференции 
610 1 |a труды учёных ТПУ 
686 |a У9(2)0л0  |v LBC/SL-A  |2 rubbk 
801 1 |a RU  |b 63413507  |c 20120217 
801 2 |a RU  |b 63413507  |c 20120228  |g RCR 
942 |c BK